000 00313nam a22001457a 4500
008 221031b ||||| |||| 00| 0 eng d
020 _a0070965609
041 _aeng
080 _a339.9
082 _a339.9
100 _a24.1
101 _aGEO
245 _aDIFFERENTIAL GEOMETRY
_cPRAKASH N
942 _2udc
_cBK
999 _c58705
_d58705